000
00308nam a2200109Ia 4500
008
171211s9999 xx 000 0 und d
245
_a
Design for Care: Innovating Healthcare Experience
245
_c
Peter Jones
260
_c
1989
650
_x
Design
856
_u
http://down.ebook777.com/060/1933820233.pdf
999
_c
347944
_d
347944